[Event "Senta op 20th"]
[Site "Senta"]
[Date "2016.07.28"]
[Round "8"]
[White "Korponai, Akos"]
[Black "Kecskemeti, Arpad"]
[Result "1/2-1/2"]
[WhiteElo "2219"]
[BlackElo "2120"]
[PlyCount "30"]
[EventDate "2016.07.22"]
[EventType "swiss"]
[EventRounds "9"]
[EventCountry "SRB"]
[SourceTitle "EXT 2017"]
[Source "ChessBase"]
[SourceDate "2016.10.25"]
[SourceVersion "1"]
[SourceVersionDate "2016.10.25"]
[SourceQuality "1"]

1. d4 f5 2. Nf3 Nf6 3. g3 e6 4. Bg2 d5 5. 0-0 Bd6 6. c4 c6 7. Qc2 0-0 8. Nbd2 Nbd7 9. b3 Ne4 10. Bb2 g5 11. Ne5 Nxd2 12. Qxd2 f4 13. Rad1 Qc7 14. Qc3 Nf6 15. Qd3 Qg7 1/2-1/2

[Event "Senta op 20th"]
[Site "Senta"]
[Date "2016.07.27"]
[Round "7"]
[White "Nestorovic, Katarina"]
[Black "Korponai, Akos"]
[Result "0-1"]
[WhiteElo "1974"]
[BlackElo "2219"]
[PlyCount "70"]
[EventDate "2016.07.22"]
[EventType "swiss"]
[EventRounds "9"]
[EventCountry "SRB"]
[SourceTitle "EXT 2017"]
[Source "ChessBase"]
[SourceDate "2016.10.25"]
[SourceVersion "1"]
[SourceVersionDate "2016.10.25"]
[SourceQuality "1"]

1. e4 c5 2. Nf3 d6 3. d4 cxd4 4. Nxd4 Nf6 5. Nc3 a6 6. Be2 e5 7. Nb3 Be7 8. Be3 Be6 9. f4 Qc7 10. f5 Bc4 11. g4 d5 12. Nxd5 Nxd5 13. exd5 Bh4+ 14. Bf2 Bxf2+ 15. Kxf2 Nd7 16. Bf3 0-0-0 17. d6 Qb6+ 18. Kg2 Nf6 19. Nd2 Bd5 20. g5 Ng4 21. Qe2 Ne3+ 22. Kh3 Rxd6 23. Bxd5 Nxd5 24. Qxe5 f6 25. Qg3 fxg5 26. Qxg5 Ne3 27. Nf3 Rf8 28. Nh4 Rh6 29. Kg3 Rhf6 30. Rae1 Nxf5+ 31. Nxf5 Rxf5 32. Qg4 Qf2+ 33. Kh3 h5 34. Qc4+ Kb8 35. Reg1 Rf4 0-1

[Event "Senta op 20th"]
[Site "Senta"]
[Date "2016.07.23"]
[Round "2"]
[White "Sadovski, Nemanja"]
[Black "Korponai, Akos"]
[Result "1/2-1/2"]
[WhiteElo "2002"]
[BlackElo "2219"]
[PlyCount "29"]
[EventDate "2016.07.22"]
[EventType "swiss"]
[EventRounds "9"]
[EventCountry "SRB"]
[SourceTitle "EXT 2017"]
[Source "ChessBase"]
[SourceDate "2016.10.25"]
[SourceVersion "1"]
[SourceVersionDate "2016.10.25"]
[SourceQuality "1"]

1. d4 Nf6 2. Nf3 e6 3. Bf4 d5 4. e3 c5 5. c4 cxd4 6. exd4 dxc4 7. Bxc4 Be7 8. Nc3 0-0 9. 0-0 a6 10. a4 Nc6 11. d5 exd5 12. Nxd5 Nxd5 13. Qxd5 Qb6 14. Qh5 Qc5 15. Qxc5 1/2-1/2

[Event "Senta-ch"]
[Site "Senta"]
[Date "2016.02.07"]
[Round "9"]
[White "Solymosi, Andras"]
[Black "Korponai, Akos"]
[Result "0-1"]
[WhiteElo "1991"]
[BlackElo "2088"]
[PlyCount "68"]
[EventDate "2016.01.22"]
[EventType "swiss"]
[EventRounds "9"]
[EventCountry "SRB"]
[SourceTitle "CBM 170 Extra"]
[Source "ChessBase"]
[SourceDate "2016.02.25"]
[SourceVersion "1"]
[SourceVersionDate "2016.02.25"]
[SourceQuality "1"]

1. Nf3 Nf6 2. g3 d5 3. Bg2 e6 4. 0-0 c5 5. d4 Nc6 6. c3 Be7 7. Nbd2 0-0 8. Qc2 cxd4 9. cxd4 Bd7 10. a3 Rc8 11. Qd3 Na5 12. Ne5 a6 13. Nxd7 Qxd7 14. b4 Nc4 15. Nb3 b6 16. f3 a5 17. bxa5 bxa5 18. e4 Qa4 19. e5 Nd7 20. f4 Rb8 21. Rf3 f5 22. exf6 Bxf6 23. Ra2 Qc6 24. Rc2 Qd6 25. g4 Nxa3 26. Ra2 Nc4 27. g5 Bd8 28. Rh3 g6 29. Nd2 Qxf4 30. Rc2 Nxd2 31. Rxd2 Qxg5 32. Rd1 Qf5 33. Qe2 Rc8 34. Ba3 Rc2 0-1

[Event "Senta-ch"]
[Site "Senta"]
[Date "2016.01.31"]
[Round "6"]
[White "Simonyi, Zoltan"]
[Black "Korponai, Akos"]
[Result "1-0"]
[WhiteElo "2228"]
[BlackElo "2088"]
[PlyCount "85"]
[EventDate "2016.01.22"]
[EventType "swiss"]
[EventRounds "9"]
[EventCountry "SRB"]
[SourceTitle "CBM 170 Extra"]
[Source "ChessBase"]
[SourceDate "2016.02.25"]
[SourceVersion "1"]
[SourceVersionDate "2016.02.25"]
[SourceQuality "1"]

1. d4 d5 2. Bg5 Nf6 3. f3 c5 4. dxc5 Qa5+ 5. Nc3 e6 6. a3 Qxc5 7. Qd2 Be7 8. e4 dxe4 9. fxe4 0-0 10. Nf3 Rd8 11. Bd3 Nc6 12. Be3 Qa5 13. 0-0 a6 14. Kh1 Qc7 15. Rae1 e5 16. h3 Be6 17. Qf2 Rf8 18. Ng5 b5 19. Qh4 h6 20. Nxe6 fxe6 21. Qg3 Kh7 22. Nd5 Qb7 23. Nxf6+ Rxf6 24. Rxf6 Bxf6 25. Qg4 Qe7 26. Rf1 Na5 27. Rf3 Rc8 28. Rg3 Qe8 29. h4 Nb7 30. h5 Nc5 31. Be2 Na4 32. b3 Nb2 33. Qf3 Rxc2 34. Rg6 Rc3 35. Qf2 Bh4 36. g3 Bd8 37. Bg4 Rxb3 38. Rxe6 Be7 39. Bc5 Nd3 40. Qf5+ Kg8 41. Rxe7 Rb1+ 42. Kh2 Qf8 43. Qe6+ 1-0

[Event "Senta-ch"]
[Site "Senta"]
[Date "2016.01.30"]
[Round "5"]
[White "Vranic, Ljubomir"]
[Black "Korponai, Akos"]
[Result "0-1"]
[WhiteElo "2170"]
[BlackElo "2088"]
[PlyCount "86"]
[EventDate "2016.01.22"]
[EventType "swiss"]
[EventRounds "9"]
[EventCountry "SRB"]
[SourceTitle "CBM 170 Extra"]
[Source "ChessBase"]
[SourceDate "2016.02.25"]
[SourceVersion "1"]
[SourceVersionDate "2016.02.25"]
[SourceQuality "1"]

1. d4 Nf6 2. c4 e6 3. Nf3 Bb4+ 4. Bd2 a5 5. g3 b6 6. Bg2 Bb7 7. 0-0 0-0 8. Bg5 Be7 9. Nc3 d6 10. Qc2 Nbd7 11. Rad1 h6 12. Bc1 c5 13. e4 cxd4 14. Nxd4 Nc5 15. Ndb5 Qb8 16. h3 Rc8 17. Bf4 Ne8 18. Rfe1 Bc6 19. Qe2 Rd8 20. e5 Bxg2 21. Kxg2 Qb7+ 22. f3 dxe5 23. Bxe5 Rxd1 24. Rxd1 Rd8 25. Rxd8 Bxd8 26. Qd1 Bf6 27. Bxf6 Nxf6 28. Qd8+ Kh7 29. Nd6 Qc6 30. Nxf7 Ncd7 31. b3 Qc5 32. Qa8 Qe3 33. Ne4 Qe2+ 34. Nf2 Nc5 35. Qa7 Nfd7 36. Qa8 Nf6 37. f4 Nd3 38. Qh8+ Kg6 39. Ne5+ Nxe5 40. fxe5 Qxe5 41. Qd8 Qc5 42. Qd3+ Kf7 43. Qf3 Kg8 0-1

[Event "Senta-ch"]
[Site "Senta"]
[Date "2016.01.22"]
[Round "1"]
[White "Korponai, Akos"]
[Black "Barta, Aron"]
[Result "1-0"]
[WhiteElo "2088"]
[BlackElo "1655"]
[PlyCount "71"]
[EventDate "2016.01.22"]
[EventType "swiss"]
[EventRounds "9"]
[EventCountry "SRB"]
[SourceTitle "CBM 170 Extra"]
[Source "ChessBase"]
[SourceDate "2016.02.25"]
[SourceVersion "1"]
[SourceVersionDate "2016.02.25"]
[SourceQuality "1"]

1. e4 e5 2. Nf3 Nc6 3. Bb5 a6 4. Ba4 Nf6 5. 0-0 d6 6. Re1 Be7 7. c3 0-0 8. h3 Bd7 9. d4 exd4 10. cxd4 Re8 11. Nc3 h6 12. Bc2 Bf8 13. a3 Qc8 14. Qd3 g6 15. Kh2 Bg7 16. Bf4 Nh5 17. Be3 Nf6 18. Qd2 Kh7 19. Ng1 Na5 20. b3 Nc6 21. f4 Ne7 22. Nf3 Rg8 23. b4 Rb8 24. Bb3 Rf8 25. Rac1 Qd8 26. Bf2 Rc8 27. Bh4 Nfg8 28. e5 dxe5 29. fxe5 c6 30. Qa2 Be8 31. Ne4 f6 32. Nc5 Bd7 33. Nxb7 Qc7 34. Nc5 fxe5 35. Nxd7 exd4+ 36. Nfe5 1-0

[Event "Senta-ch"]
[Site "Senta"]
[Date "2015.02.14"]
[Round "6"]
[White "Simonyi, Zoltan"]
[Black "Korponai, Akos"]
[Result "1-0"]
[WhiteElo "2243"]
[BlackElo "1952"]
[PlyCount "77"]
[EventDate "2015.01.30"]
[EventType "swiss"]
[EventRounds "9"]
[EventCountry "SRB"]
[SourceTitle "EXT 2016"]
[Source "ChessBase"]
[SourceDate "2015.10.08"]
[SourceVersion "1"]
[SourceVersionDate "2015.10.08"]
[SourceQuality "1"]

1. c4 c6 2. Nf3 d5 3. b3 Nf6 4. Bb2 e6 5. g3 Be7 6. Bg2 0-0 7. 0-0 Nbd7 8. d3 Qc7 9. Nbd2 e5 10. cxd5 Nxd5 11. Nc4 f6 12. Rc1 N7b6 13. Nfd2 Be6 14. Qc2 a5 15. d4 Nb4 16. Qb1 exd4 17. Bxd4 c5 18. Bb2 a4 19. Be4 h6 20. Ne3 axb3 21. axb3 f5 22. Nxf5 Bf6 23. Bxf6 Rxf6 24. Ne3 Bh3 25. Bg2 Bxg2 26. Nxg2 Na2 27. Ne4 Rc6 28. Rcd1 c4 29. bxc4 Nxc4 30. Rd4 Kh8 31. Nf4 Ne5 32. Rfd1 Rb6 33. Qa1 Rba6 34. Qb2 Nc4 35. Qc2 Rc8 36. Rd7 Qb6 37. Nf6 Qxf6 38. Nd5 Qe6 39. Nc7 1-0

[Event "Senta-ch"]
[Site "Senta"]
[Date "2015.02.01"]
[Round "3"]
[White "Nagy, Attila"]
[Black "Korponai, Akos"]
[Result "1-0"]
[WhiteElo "2202"]
[BlackElo "1952"]
[PlyCount "45"]
[EventDate "2015.01.30"]
[EventType "swiss"]
[EventRounds "9"]
[EventCountry "SRB"]
[SourceTitle "EXT 2016"]
[Source "ChessBase"]
[SourceDate "2015.10.08"]
[SourceVersion "1"]
[SourceVersionDate "2015.10.08"]
[SourceQuality "1"]

1. d4 Nf6 2. c4 e6 3. Nf3 Bb4+ 4. Bd2 Bxd2+ 5. Qxd2 b6 6. Nc3 Bb7 7. g3 0-0 8. Bg2 Ne4 9. Nxe4 Bxe4 10. 0-0 d5 11. Rac1 Nd7 12. Qf4 c5 13. dxc5 Nxc5 14. b4 Na6 15. a3 f6 16. Rfd1 Qe7 17. Bf1 e5 18. Qe3 Rfd8 19. cxd5 Bxd5 20. Rxd5 Rxd5 21. Qb3 Qf7 22. e4 Rd7 23. Bc4 1-0

[Event "Senta-ch"]
[Site "Senta"]
[Date "2015.01.31"]
[Round "2"]
[White "Korponai, Akos"]
[Black "Lorincz, Laszlo"]
[Result "1-0"]
[WhiteElo "1952"]
[BlackElo "1808"]
[PlyCount "79"]
[EventDate "2015.01.30"]
[EventType "swiss"]
[EventRounds "9"]
[EventCountry "SRB"]
[SourceTitle "EXT 2016"]
[Source "ChessBase"]
[SourceDate "2015.10.08"]
[SourceVersion "1"]
[SourceVersionDate "2015.10.08"]
[SourceQuality "1"]

1. e4 c5 2. Nf3 d5 3. exd5 Qxd5 4. Nc3 Qd8 5. d4 e6 6. Bb5+ Bd7 7. Bxd7+ Qxd7 8. 0-0 cxd4 9. Nxd4 Nf6 10. Qf3 a6 11. Rd1 Qc8 12. Bg5 Be7 13. Ne4 Nbd7 14. Nxf6+ Bxf6 15. Bxf6 Nxf6 16. Qa3 Qc7 17. Nb5 Qe7 18. Nd6+ Kf8 19. c4 Rb8 20. Qe3 Qc7 21. b4 Rd8 22. c5 Rd7 23. a4 h5 24. Rac1 Kg8 25. Rd3 Kh7 26. Rcd1 Rhd8 27. Nxf7 Rxd3 28. Rxd3 Rxd3 29. Qxd3+ g6 30. Ng5+ Kh6 31. Nxe6 Qe5 32. Qe3+ Qxe3 33. fxe3 Nd5 34. b5 a5 35. Nd8 Nc3 36. Nxb7 Nxa4 37. c6 Nb6 38. Nxa5 Na8 39. Nc4 Nc7 40. b6 1-0

[Event "SRB-ch U16"]
[Site "Subotica"]
[Date "2014.04.23"]
[Round "9"]
[White "Korponai, Akos"]
[Black "Cukic, Jaksa"]
[Result "1-0"]
[WhiteElo "1883"]
[BlackElo "1714"]
[PlyCount "55"]
[EventDate "2014.04.17"]
[EventType "swiss"]
[EventRounds "9"]
[EventCountry "SRB"]
[SourceTitle "CBM 160 Extra"]
[Source "ChessBase"]
[SourceDate "2014.07.01"]
[SourceVersion "1"]
[SourceVersionDate "2014.07.01"]
[SourceQuality "1"]

1. e4 c5 2. Nf3 Nc6 3. d4 cxd4 4. Nxd4 g6 5. c4 Nf6 6. Nc3 d6 7. Be2 Nxd4 8. Qxd4 Bg7 9. Be3 0-0 10. Qd2 Qa5 11. 0-0 Be6 12. Rac1 Rfc8 13. b3 Nd7 14. Bd4 a6 15. Bxg7 Kxg7 16. f4 Nf6 17. Bf3 Rab8 18. Qd4 Kg8 19. Rf2 b5 20. e5 dxe5 21. fxe5 Nd7 22. Nd5 Qa3 23. Rc3 Kf8 24. b4 Qa4 25. Bd1 Rxc4 26. Rxc4 Nxe5 27. Bxa4 Nxc4 28. Qh8# 1-0

[Event "Senta-ch"]
[Site "Senta"]
[Date "2014.02.09"]
[Round "6"]
[White "Korponai, Akos"]
[Black "Aleksic, Zvonimir"]
[Result "1/2-1/2"]
[WhiteElo "1888"]
[BlackElo "1936"]
[PlyCount "48"]
[EventDate "2014.01.24"]
[EventType "swiss"]
[EventRounds "9"]
[EventCountry "SRB"]
[SourceTitle "EXT 2016"]
[Source "ChessBase"]
[SourceDate "2015.10.08"]
[SourceVersion "1"]
[SourceVersionDate "2015.10.08"]
[SourceQuality "1"]

1. d4 Nf6 2. Nf3 g6 3. g3 Bg7 4. Bg2 0-0 5. 0-0 d6 6. c4 Nc6 7. Nc3 a6 8. d5 Na5 9. Nd2 c5 10. Qc2 Rb8 11. b3 b5 12. Bb2 bxc4 13. bxc4 e5 14. dxe6 Bxe6 15. Nd1 Qc7 16. Rb1 Nc6 17. a3 Rb6 18. e4 Rfb8 19. f4 Ne8 20. Bxg7 Nxg7 21. Ne3 Nd4 22. Qd3 Rxb1 23. Rxb1 Rxb1+ 24. Qxb1 f5 1/2-1/2

[Event "Senta-ch"]
[Site "Senta"]
[Date "2014.01.31"]
[Round "4"]
[White "Soklovacki, Mila"]
[Black "Korponai, Akos"]
[Result "1/2-1/2"]
[WhiteElo "1632"]
[BlackElo "1888"]
[PlyCount "80"]
[EventDate "2014.01.24"]
[EventType "swiss"]
[EventRounds "9"]
[EventCountry "SRB"]
[SourceTitle "EXT 2016"]
[Source "ChessBase"]
[SourceDate "2015.10.08"]
[SourceVersion "1"]
[SourceVersionDate "2015.10.08"]
[SourceQuality "1"]

1. e4 c5 2. Nf3 g6 3. d4 cxd4 4. Nxd4 Bg7 5. Be3 Nc6 6. c3 Nf6 7. Nd2 0-0 8. Bc4 Ne5 9. Be2 d5 10. Qc2 b6 11. 0-0 Bb7 12. exd5 Nxd5 13. Bg5 h6 14. Bh4 Nf4 15. N2f3 Qd7 16. Bg3 Nxe2+ 17. Qxe2 Nxf3+ 18. Nxf3 Qg4 19. Qxe7 Bxf3 20. gxf3 Qxf3 21. Rfe1 h5 22. Re3 Qg4 23. Qh4 Qf5 24. Qe4 Qb5 25. Qc2 Bf6 26. Rae1 Rad8 27. Be5 Bxe5 28. Rxe5 Qc4 29. b3 Qg4+ 30. Kh1 Qf3+ 31. Kg1 Rc8 32. R5e3 Qf6 33. c4 Rc5 34. Re8 Rxe8 35. Rxe8+ Kg7 36. Re3 Kh7 37. Qc3 Qf5 38. Qd3 Qg5+ 39. Kf1 Qf6 40. Qc3 Qf5 1/2-1/2

[Event "Senta-ch"]
[Site "Senta"]
[Date "2014.01.26"]
[Round "3"]
[White "Korponai, Akos"]
[Black "Boros, Tamas I"]
[Result "1-0"]
[WhiteElo "1888"]
[BlackElo "1536"]
[PlyCount "61"]
[EventDate "2014.01.24"]
[EventType "swiss"]
[EventRounds "9"]
[EventCountry "SRB"]
[SourceTitle "EXT 2016"]
[Source "ChessBase"]
[SourceDate "2015.10.08"]
[SourceVersion "1"]
[SourceVersionDate "2015.10.08"]
[SourceQuality "1"]

1. e4 e5 2. Nf3 Nc6 3. Bb5 a6 4. Ba4 b5 5. Bb3 Bc5 6. 0-0 Nf6 7. Re1 0-0 8. c3 d6 9. d4 exd4 10. cxd4 Bb4 11. Bd2 Bxd2 12. Nbxd2 Bg4 13. Qc2 Nb4 14. Qc3 a5 15. Rac1 Rc8 16. a3 Na6 17. Qxa5 Nb8 18. Qxb5 Bd7 19. Qd3 Re8 20. h3 Nc6 21. Ng5 Re7 22. e5 dxe5 23. dxe5 Nxe5 24. Rxe5 Rxe5 25. Nxf7 Qe7 26. Nxe5+ Kh8 27. Nxd7 Nxd7 28. Nf3 h6 29. Bc2 Nf6 30. Nh4 Qe8 31. Ng6+ 1-0

[Event "Senta op-A 17th"]
[Site "Senta"]
[Date "2013.07.14"]
[Round "2"]
[White "Korponai, Akos"]
[Black "Leskur, Dejan"]
[Result "0-1"]
[WhiteElo "1786"]
[BlackElo "2391"]
[PlyCount "52"]
[EventDate "2013.07.13"]
[EventType "swiss"]
[EventRounds "9"]
[EventCountry "SRB"]
[SourceTitle "EXT 2014"]
[Source "ChessBase"]
[SourceDate "2013.11.20"]
[SourceVersion "1"]
[SourceVersionDate "2013.11.20"]
[SourceQuality "1"]

1. d4 Nf6 2. Nf3 c5 3. d5 g6 4. c4 Bg7 5. Nc3 0-0 6. e4 d6 7. Bd3 e5 8. h3 Na6 9. Bg5 Bd7 10. Qd2 Nc7 11. 0-0 a6 12. a3 b5 13. b4 cxb4 14. axb4 bxc4 15. Bxc4 Qb8 16. Qd3 Rc8 17. Nd2 Nh5 18. Rfb1 Nf4 19. Bxf4 exf4 20. Ra3 Qb6 21. Nf3 h6 22. Ne2 Nb5 23. Rab3 g5 24. Rd1 Rc7 25. Nfd4 Nxd4 26. Nxd4 Ba4 0-1

[Event "SRB-ch U16"]
[Site "Vrnjacka Banja"]
[Date "2013.05.03"]
[Round "5"]
[White "Korponai, Akos"]
[Black "Ilincic, Aleksa"]
[Result "1-0"]
[WhiteElo "1789"]
[BlackElo "1915"]
[PlyCount "43"]
[EventDate "2013.04.30"]
[EventType "swiss"]
[EventRounds "9"]
[EventCountry "SRB"]
[SourceTitle "CBM 154 Extra"]
[Source "ChessBase"]
[SourceDate "2013.06.25"]
[SourceVersion "2"]
[SourceVersionDate "2013.06.25"]
[SourceQuality "1"]

1. e4 c5 2. Nf3 e6 3. d4 cxd4 4. Nxd4 Nf6 5. Nc3 d6 6. Bg5 a6 7. f4 Qb6 8. Qd2 Qxb2 9. Rb1 Qa3 10. Be2 Nc6 11. Nxc6 bxc6 12. 0-0 Be7 13. f5 d5 14. e5 d4 15. exf6 gxf6 16. Ne4 fxg5 17. Qxd4 Rg8 18. f6 Bd8 19. Nd6+ Kf8 20. Nc4 Bxf6 21. Qxf6 Qe7 22. Bh5 1-0